Presentación de Banderas - Estadísticas

Estadísticas generales
  • Esta prueba ha sido intentada 5.385 veces
  • La puntuación promedio es 9 de 12
Estadísticas de respuestas
Respuesta % Correcto
India
99%
Andorra
90%
Honduras
87%
Laos
79%
Lesoto
68%
República Centroafricana
66%
Kiribati
65%
Tayikistán
64%
Guinea Ecuatorial
63%
Eritrea
59%
San Vicente y las Granadinas
56%
Ruanda
53%
No se encontraron pruebas coincidentes
Distribución de puntuación
Porcentaje de gente con cada puntuación
Porcentaje por número respondido
Historial de tus puntuaciones
No has intentado esta prueba.